000 00593nam a2200181 a 4500
001 000029233
005 20200930055420.0
008 110414s1980 dr 000 0 spa d
040 _aDO-SdBNP
_bspa
_cBNPHU
082 _axxx
_bC952b
100 1 _aCrouch, Luis A.
_956128
245 1 0 _aLa base clasista del crecimiento agricola /
_cLuis A. Crouch y Alain de Janvry.
260 _aSantiago de los Caballeros :
_bInstituto Superior de Agricultura,
_c1980.
300 _a[38] p. ;
_c22 cm.
500 _aIncluye notas al pie de las páginas
700 1 _aJanvry, Alain de
_956129
049 _aBNPD
999 _c28725
_d28725